[Event "DEM U16 2015"]
[Site "Willingen GER"]
[Date "2015.05.24"]
[Round "1"]
[White "Vogel, Roven"]
[Black "Greßmann, Moritz"]
[Result "1-0"]
[Termination "normal"]
[Board "1"]
[WhiteElo "2429"]
[BlackElo "2022"]
[WhiteClock "01:01:06"]
[BlackClock "00:35:34"]
[PlyCount "49"]
[WhiteFideId "12908088"]
[BlackFideId "24695084"]
[EventCountry "GER"]
[EventRounds "9"]
[EventType "swiss"]
[EventDate "2015.05.23"]

1. Nf3 d5 2. d4 Nf6 3. c4 dxc4 4. e3 Bg4 5. Bxc4 e6 6. h3 Bh5 7. Nc3 a6 8. g4
Bg6 9. Ne5 Nbd7 10. Nxg6 hxg6 11. Qf3 c6 12. Bd2 Nb6 13. Bb3 Bb4 14. Ke2 a5 15.
a3 Be7 16. h4 a4 17. Ba2 Nfd5 18. Ne4 Rxh4 19. Rxh4 Bxh4 20. Rh1 Qe7 21. g5
Bxg5 22. Rh8+ Kd7 23. Rxa8 Nxa8 24. Nxg5 Qxg5 25. e4 1-0

[Event "DEM U16 2015"]
[Site "Willingen GER"]
[Date "2015.05.24"]
[Round "1"]
[White "Ramien, David"]
[Black "Kollars, Dmitrij"]
[Result "1-0"]
[Termination "normal"]
[Board "2"]
[WhiteElo "1965"]
[BlackElo "2410"]
[WhiteClock "00:47:25"]
[BlackClock "00:30:15"]
[PlyCount "79"]
[WhiteFideId "12948241"]
[BlackFideId "12909572"]
[EventCountry "GER"]
[EventRounds "9"]
[EventType "swiss"]
[EventDate "2015.05.23"]

1. e4 e5 2. Nf3 Nc6 3. Bc4 Nf6 4. d3 Bc5 5. c3 a6 6. Bb3 d6 7. Nbd2 Ba7 8. O-O
O-O 9. h3 h6 10. Nc4 Be6 11. Be3 b5 12. Ncd2 Re8 13. Re1 Bxe3 14. fxe3 d5 15.
exd5 Bxd5 16. e4 Bxb3 17. Nxb3 Qd6 18. Qd2 Rad8 19. Rad1 Nh5 20. d4 Nf4 21.
Nxe5 Nxe5 22. Qxf4 Nc4 23. Qxd6 cxd6 24. Re2 f5 25. Rde1 Rxe4 26. Rxe4 fxe4 27.
Rxe4 Nxb2 28. Re7 Rc8 29. Rd7 Rc6 30. d5 Rb6 31. Nd4 Nd1 32. Nf5 Nxc3 33. Rxg7+
Kf8 34. Rg6 Nxa2 35. Rxh6 Nc3 36. g4 Nxd5 37. g5 Kg8 38. g6 Nf6 39. g7 Nh7 40.
Rg6 1-0

[Event "DEM U16 2015"]
[Site "Willingen GER"]
[Date "2015.05.24"]
[Round "1"]
[White "Bergauz, Noam"]
[Black "Niermann, Tristan"]
[Result "0-1"]
[Termination "normal"]
[Board "3"]
[WhiteElo "2296"]
[BlackElo "1855"]
[WhiteClock "00:19:10"]
[BlackClock "00:08:53"]
[PlyCount "158"]
[WhiteFideId "12938033"]
[BlackFideId "12990698"]
[EventCountry "GER"]
[EventRounds "9"]
[EventType "swiss"]
[EventDate "2015.05.23"]

1. e4 e5 2. Nf3 Nc6 3. d4 exd4 4. Nxd4 Nf6 5. Nxc6 bxc6 6. e5 Qe7 7. Qe2 Nd5 8.
c4 Nb6 9. b3 a5 10. Ba3 Qe6 11. Bxf8 Rxf8 12. Nd2 a4 13. Rd1 Bb7 14. Qe3 f6 15.
exf6 Qxe3+ 16. fxe3 Rxf6 17. Ne4 Rf7 18. Be2 Re7 19. Bh5+ g6 20. Bf3 O-O-O 21.
O-O d6 22. Rd3 c5 23. Bg4+ Kb8 24. Nxc5 Bc8 25. Bf3 Rde8 26. Nxa4 Nxa4 27. bxa4
Rxe3 28. Rd5 R3e5 29. Rb5+ Ka7 30. Bc6 R8e7 31. Bd5 Ba6 32. Rb4 c5 33. Rb2 Rxd5
34. cxd5 Bxf1 35. Kxf1 Re5 36. Rd2 Ka6 37. Kf2 Ka5 38. Kf3 Kxa4 39. h4 Kb4 40.
Rb2+ Kc4 41. Rb7 Kxd5 42. Rxh7 c4 43. g4 c3 44. h5 gxh5 45. gxh5 Kd4 46. h6 Re6
47. Kg4 Kd3 48. Kf5 c2 49. Kxe6 c1=Q 50. Rd7 Qxh6+ 51. Kd5 Qh2 52. Rxd6 Qxa2+
53. Ke5+ Ke3 54. Rd5 Qa7 55. Ke6 Qg7 56. Re5+ Kd4 57. Rd5+ Ke4 58. Rd6 Qg4+ 59.
Kf6 Qc8 60. Re6+ Kf4 61. Rd6 Qc5 62. Ke6 Ke4 63. Rd7 Qc6+ 64. Ke7 Ke5 65. Kd8
Qb6+ 66. Kc8 Qa5 67. Kb7 Ke6 68. Rc7 Kd6 69. Rc6+ Kd7 70. Rb6 Qd5+ 71. Ka6 Kc7
72. Rb4 Qe5 73. Rb7+ Kc8 74. Rb5 Qa1+ 75. Kb6 Kd7 76. Rd5+ Ke6 77. Rc5 Qa4 78.
Kc7 Qa7+ 79. Kc6 Qa6+ 0-1

[Event "DEM U16 2015"]
[Site "Willingen GER"]
[Date "2015.05.24"]
[Round "1"]
[White "Rausch, Adrian"]
[Black "Schröder, Kevin"]
[Result "0-1"]
[Termination "normal"]
[Board "4"]
[WhiteElo "1929"]
[BlackElo "2244"]
[WhiteClock "00:24:14"]
[BlackClock "00:07:25"]
[PlyCount "152"]
[WhiteFideId "12929069"]
[BlackFideId "12929840"]
[EventCountry "GER"]
[EventRounds "9"]
[EventType "swiss"]
[EventDate "2015.05.23"]

1. d4 Nf6 2. c4 e6 3. Nf3 Bb4+ 4. Bd2 c5 5. e3 Bxd2+ 6. Nbxd2 d6 7. dxc5 dxc5
8. Qc2 Nc6 9. a3 O-O 10. O-O-O Qe7 11. Bd3 e5 12. Ne4 g6 13. h3 Be6 14. Nxf6+
Qxf6 15. Qc3 Rfe8 16. Be4 Bf5 17. Bd5 Rab8 18. g4 Be6 19. Bxc6 bxc6 20. Nxe5
Qxf2 21. Nxc6 Rb7 22. Rd8 Rxd8 23. Nxd8 Qf3 24. Rd1 Rd7 25. Rxd7 Bxd7 26. b4
Qf1+ 27. Kb2 Qe2+ 28. Qc2 Qxe3 29. b5 Qxh3 30. Qf2 Be8 31. Qxc5 Qxg4 32. Nc6 h5
33. Nxa7 h4 34. b6 h3 35. Qe7 Qd4+ 36. Ka2 Qxc4+ 37. Kb2 Qd4+ 38. Ka2 Qxb6 39.
Qxe8+ Kg7 40. Qe5+ Kh7 41. Qf4 Qxa7 42. Qh4+ Kg7 43. Qxh3 f5 44. Qc3+ Kf7 45.
Qc4+ Ke7 46. Qb4+ Ke6 47. Qc4+ Ke5 48. Qb5+ Kd4 49. Qb4+ Ke3 50. Qc3+ Kf4 51.
Qb4+ Kg5 52. Qd2+ f4 53. Qg2+ Kf6 54. Qb2+ Kf7 55. Qb3+ Kg7 56. Qb2+ Kg8 57.
Qc3 Qf7+ 58. Kb1 f3 59. Qc8+ Kg7 60. Qc3+ Kh7 61. Qe3 f2 62. Qh3+ Kg7 63. Qc3+
Qf6 64. Qc7+ Kh6 65. Qh2+ Kg5 66. Qg3+ Kh5 67. Qh3+ Qh4 68. Qf3+ Kg5 69. Qd5+
Kg4 70. Qg2+ Kf4 71. Qf1 Ke3 72. Qc1+ Kf3 73. Qc3+ Kg2 74. Qc6+ Kh2 75. Qc7+
Qg3 76. Qh7+ Kg1 0-1

[Event "DEM U16 2015"]
[Site "Willingen GER"]
[Date "2015.05.24"]
[Round "1"]
[White "Keymer, Vincent"]
[Black "Ngo, Minh Duc"]
[Result "1-0"]
[Termination "normal"]
[Board "5"]
[WhiteElo "2338"]
[BlackElo "2040"]
[WhiteClock "00:41:12"]
[BlackClock "00:38:35"]
[PlyCount "83"]
[WhiteFideId "12940690"]
[BlackFideId "12942693"]
[EventCountry "GER"]
[EventRounds "9"]
[EventType "swiss"]
[EventDate "2015.05.23"]

1. Nf3 c6 2. d4 d5 3. c4 e6 4. e3 Bd6 5. Nc3 f5 6. b3 Nf6 7. Be2 O-O 8. O-O Bd7
9. a4 Qe7 10. Ne5 Be8 11. f4 Nbd7 12. Bf3 Rc8 13. Bb2 Ne4 14. g4 Nxe5 15. fxe5
Bb4 16. Bxe4 fxe4 17. Qe2 Bg6 18. Na2 Ba5 19. Rf4 Rxf4 20. exf4 Qh4 21. Rf1 h5
22. f5 Bf7 23. fxe6 Bxe6 24. gxh5 Bh3 25. Rf2 Qg5+ 26. Kh1 Bd2 27. Ba3 c5 28.
Bxc5 Rxc5 29. dxc5 Be3 30. Nb4 Bg4 31. Rg2 Bxe2 32. Rxg5 Bf3+ 33. Rg2 d4 34.
Nd5 Bf2 35. h6 g5 36. e6 e3 37. Nf6+ Kf8 38. h7 e2 39. h8=Q+ Ke7 40. Ng8+ Ke8
41. Nh6+ Ke7 42. Qg7+ 1-0

[Event "DEM U16 2015"]
[Site "Willingen GER"]
[Date "2015.05.24"]
[Round "1"]
[White "Hartge, Gedeon"]
[Black "Gretz, Denis"]
[Result "1-0"]
[Termination "normal"]
[Board "6"]
[WhiteElo "1870"]
[BlackElo "2241"]
[WhiteClock "00:00:48"]
[BlackClock "00:01:53"]
[PlyCount "79"]
[WhiteFideId "12932116"]
[BlackFideId "12945188"]
[EventCountry "GER"]
[EventRounds "9"]
[EventType "swiss"]
[EventDate "2015.05.23"]

1. d4 f5 2. c4 Nf6 3. g3 g6 4. Bg2 Bg7 5. Nf3 d6 6. b4 e5 7. dxe5 Ng4 8. Bb2
Nc6 9. Qb3 Ngxe5 10. Nxe5 dxe5 11. O-O O-O 12. Bd5+ Kh8 13. e3 Qg5 14. Nd2 Ne7
15. Nf3 Qh5 16. Nxe5 g5 17. Bf3 Qh6 18. Nd3 f4 19. Bxg7+ Qxg7 20. Qb2 Qxb2 21.
Nxb2 fxe3 22. fxe3 Bh3 23. Rf2 Rf7 24. Be4 Rxf2 25. Kxf2 Rf8+ 26. Kg1 Nf5 27.
Bxf5 Rxf5 28. Nd3 Rf3 29. Nf2 Be6 30. e4 Bxc4 31. Rc1 b5 32. a4 Rb3 33. axb5
Rxb4 34. Ra1 Bxb5 35. Rxa7 c5 36. Rc7 Rb1+ 37. Kg2 Bf1+ 38. Kf3 c4 39. Ng4 Bd3
40. Ne5 1-0

[Event "DEM U16 2015"]
[Site "Willingen GER"]
[Date "2015.05.24"]
[Round "1"]
[White "Ehmann, Thilo"]
[Black "Ronge, Tim"]
[Result "1-0"]
[Termination "normal"]
[Board "7"]
[WhiteElo "2234"]
[BlackElo "1943"]
[WhiteClock "01:11:23"]
[BlackClock "00:03:31"]
[PlyCount "67"]
[WhiteFideId "12940968"]
[BlackFideId "12955418"]
[EventCountry "GER"]
[EventRounds "9"]
[EventType "swiss"]
[EventDate "2015.05.23"]

1. e4 c5 2. Nf3 Nc6 3. d4 cxd4 4. Nxd4 Nf6 5. f3 e5 6. Nb5 d6 7. c4 a6 8. N5c3
Be7 9. Be3 O-O 10. Be2 Be6 11. Na3 Nh5 12. g3 g6 13. Nd5 Bxd5 14. cxd5 Nb8 15.
O-O Nd7 16. Qd2 f5 17. Nc4 f4 18. Bf2 Ng7 19. Na5 Rb8 20. Kg2 h5 21. Qb4 Nc5
22. Nc4 b6 23. Qa3 b5 24. Bxc5 dxc5 25. Nxe5 Rb6 26. Nc6 Rxc6 27. dxc6 Qb6 28.
Qb3+ Kh7 29. Qd5 Bf6 30. Qd6 Rf7 31. e5 Nf5 32. Qe6 Rf8 33. exf6 Ne3+ 34. Kh1
1-0

[Event "DEM U16 2015"]
[Site "Willingen GER"]
[Date "2015.05.24"]
[Round "1"]
[White "Nothnagel, Marian Can"]
[Black "Kololli, Martin"]
[Result "0-1"]
[Termination "normal"]
[Board "8"]
[WhiteElo "1904"]
[BlackElo "2229"]
[WhiteClock "00:13:58"]
[BlackClock "00:07:20"]
[PlyCount "80"]
[WhiteFideId "12921530"]
[BlackFideId "12936910"]
[EventCountry "GER"]
[EventRounds "9"]
[EventType "swiss"]
[EventDate "2015.05.23"]

1. e4 e5 2. Nf3 Nc6 3. Bb5 a6 4. Ba4 Nf6 5. O-O Be7 6. Re1 b5 7. Bb3 d6 8. c3
O-O 9. d4 Bg4 10. Be3 Re8 11. Nbd2 Bf8 12. h3 Bh5 13. dxe5 Nxe5 14. g4 Bg6 15.
Nxe5 dxe5 16. Bc2 Nd7 17. Nf1 Nc5 18. Qf3 Qh4 19. Kg2 Ne6 20. Qg3 Qf6 21. g5
Nf4+ 22. Bxf4 Qxf4 23. h4 Rad8 24. Qxf4 exf4 25. Kf3 Bh5+ 26. Kxf4 Bd6+ 27. e5
Rxe5 28. Rxe5 f6 29. Bb3+ Kf8 30. Ke3 Bxe5 31. f4 Bd6 32. Ng3 Re8+ 33. Kd4 Bf3
34. gxf6 gxf6 35. c4 c5+ 36. Kd3 Bxf4 37. Rf1 Re3+ 38. Kd2 Rxb3+ 39. Kc2 Re3
40. Nf5 Be4+ 0-1

[Event "DEM U16 2015"]
[Site "Willingen GER"]
[Date "2015.05.24"]
[Round "1"]
[White "Uksini, Bardhyl"]
[Black "Krüger, David"]
[Result "1-0"]
[Termination "normal"]
[Board "9"]
[WhiteElo "2222"]
[BlackElo "1905"]
[WhiteClock "00:18:29"]
[BlackClock "00:31:25"]
[PlyCount "87"]
[WhiteFideId "1628313"]
[BlackFideId "12921858"]
[EventCountry "GER"]
[EventRounds "9"]
[EventType "swiss"]
[EventDate "2015.05.23"]

1. d4 Nf6 2. c4 c5 3. d5 b5 4. cxb5 a6 5. bxa6 g6 6. Nc3 Bg7 7. e4 O-O 8. Nf3
Qa5 9. Bd2 Bxa6 10. Be2 Qb4 11. Bxa6 Nxa6 12. Qe2 Qxb2 13. Rb1 Qa3 14. Rb3 Qa5
15. O-O Nc7 16. Rfb1 Qa6 17. Qxa6 Nxa6 18. e5 Ne8 19. Rb7 d6 20. Rxe7 dxe5 21.
Rb6 Nb4 22. d6 Rd8 23. a3 Nxd6 24. axb4 Nc4 25. bxc5 Nxd2 26. Nxd2 Rxd2 27. g3
Rc2 28. Ne4 f5 29. Rbb7 Bf6 30. Nxf6+ Rxf6 31. Rg7+ Kf8 32. Rxh7 Kg8 33. Rhg7+
Kf8 34. Rgc7 Kg8 35. Rb8+ Rf8 36. Rb6 f4 37. Rxg6+ Kh8 38. Rh6+ Kg8 39. Rg6+
Kh8 40. Rgg7 Re8 41. Rh7+ Kg8 42. Rhg7+ Kh8 43. gxf4 exf4 44. Rgf7 1-0

[Event "DEM U16 2015"]
[Site "Willingen GER"]
[Date "2015.05.24"]
[Round "1"]
[White "Rinck, Michael"]
[Black "Lagunow, Raphael"]
[Result "0-1"]
[Termination "normal"]
[Board "10"]
[WhiteElo "1857"]
[BlackElo "2179"]
[PlyCount "68"]
[WhiteFideId "24690104"]
[BlackFideId "24652644"]
[EventCountry "GER"]
[EventRounds "9"]
[EventType "swiss"]
[EventDate "2015.05.23"]

1. c4 Nf6 2. g3 g6 3. Bg2 Bg7 4. Nc3 c5 5. e4 Nc6 6. Nge2 O-O 7. O-O Rb8 8. d3
a6 9. a4 d6 10. h3 Ne8 11. Be3 Nc7 12. d4 cxd4 13. Nxd4 Ne6 14. Nde2 Nc5 15.
Rb1 Nb4 16. Nd5 Nxd5 17. cxd5 Bd7 18. b3 a5 19. Nd4 b5 20. Nxb5 Bxb5 21. axb5
Rxb5 22. Bxc5 dxc5 23. Qc2 Qb6 24. Rfc1 Bd4 25. Bf1 Rb4 26. Bc4 Rb8 27. Kg2 a4
28. Qe2 axb3 29. e5 Ra8 30. d6 Ra2 31. dxe7 Qc6+ 32. Bd5 Qxd5+ 33. Kg1 Rxe2 34.
e8=Q+ Kg7 0-1

[Event "DEM U16 2015"]
[Site "Willingen GER"]
[Date "2015.05.24"]
[Round "1"]
[White "Kololli, Kevin"]
[Black "Rieper, Julian"]
[Result "1-0"]
[Termination "normal"]
[Board "11"]
[WhiteElo "2138"]
[BlackElo "1844"]
[PlyCount "105"]
[WhiteFideId "12936863"]
[BlackFideId "12936960"]
[EventCountry "GER"]
[EventRounds "9"]
[EventType "swiss"]
[EventDate "2015.05.23"]

1. e4 e5 2. Nf3 Nc6 3. Bc4 Bc5 4. b4 Bxb4 5. c3 Be7 6. d4 Na5 7. Bd3 d6 8. dxe5
dxe5 9. Nxe5 Nf6 10. O-O O-O 11. f4 c5 12. Qe2 b6 13. Nf3 Bb7 14. Rd1 Qc7 15.
c4 Rad8 16. Nc3 Rfe8 17. e5 Ng4 18. Bb2 f6 19. h3 Nh6 20. Qc2 fxe5 21. Bxh7+
Kh8 22. Nb5 Qc6 23. Nxe5 Qxg2+ 24. Qxg2 Bxg2 25. Bg6 Bxh3 26. Bxe8 Rxe8 27. Re1
Kh7 28. Nf3 Bg4 29. Nc7 Rg8 30. Rxe7 Bxf3 31. Ne8 Kg6 32. Kf2 Bg4 33. Rg1 Nxc4
34. Bxg7 Rxe8 35. Rxe8 Kxg7 36. Re6 Kh7 37. Rc6 Kg7 38. a4 Nd2 39. Ke3 Nc4+ 40.
Ke4 Nd2+ 41. Kd5 Nf3 42. Rg3 Nh2 43. Rg2 Nf7 44. Rc7 Kf6 45. Rxh2 Bf3+ 46. Kc4
Nd6+ 47. Kc3 Kf5 48. Rh6 Ne4+ 49. Kd3 Kxf4 50. Rf7+ Kg3 51. Rg6+ Kf2 52. Rxa7
Ke1 53. Re6 1-0

[Event "DEM U16 2015"]
[Site "Willingen GER"]
[Date "2015.05.24"]
[Round "1"]
[White "Schmekel, Florian"]
[Black "Sawlin, Leonid"]
[Result "1-0"]
[Termination "normal"]
[Board "12"]
[WhiteElo "1881"]
[BlackElo "2121"]
[PlyCount "77"]
[WhiteFideId "12913456"]
[BlackFideId "4689542"]
[EventCountry "GER"]
[EventRounds "9"]
[EventType "swiss"]
[EventDate "2015.05.23"]

1. d4 e6 2. c4 Nf6 3. Nc3 d5 4. cxd5 exd5 5. Bg5 c6 6. e3 Be7 7. Qc2 O-O 8. Bd3
Nbd7 9. Nge2 Re8 10. O-O Nf8 11. f3 Ng6 12. e4 dxe4 13. fxe4 Ng4 14. Bxe7 Qxe7
15. Qd2 Be6 16. h3 Nf6 17. Ng3 Qb4 18. Nge2 Rad8 19. a3 Qe7 20. Qe3 Bb3 21. Ng3
Qe6 22. Nce2 Bc4 23. Bxc4 Qxc4 24. Rac1 Qe6 25. e5 Nd5 26. Qf2 Rf8 27. Ne4 f6
28. Nc5 Qe7 29. e6 Rfe8 30. Ng3 b6 31. Nf5 Qc7 32. e7 Rxe7 33. Nxe7+ Qxe7 34.
Rfe1 Qf7 35. Nd3 Qd7 36. Red1 Qd6 37. Qf5 Nde7 38. Qe4 Qxd4+ 39. Nf2 1-0

[Event "DEM U16 2015"]
[Site "Willingen GER"]
[Date "2015.05.24"]
[Round "1"]
[White "Gschnitzer, Adrian"]
[Black "Tiarks, Jann-Christian"]
[Result "1/2-1/2"]
[Termination "normal"]
[Board "13"]
[WhiteElo "2127"]
[BlackElo "1806"]
[PlyCount "58"]
[WhiteFideId "1270337"]
[BlackFideId "12951595"]
[EventCountry "GER"]
[EventRounds "9"]
[EventType "swiss"]
[EventDate "2015.05.23"]

1. e4 e5 2. Nf3 Nc6 3. d4 exd4 4. Nxd4 Nf6 5. Nc3 Bb4 6. Nxc6 bxc6 7. Bd3 d5 8.
exd5 cxd5 9. O-O O-O 10. h3 Be6 11. Qf3 c6 12. Bf4 Re8 13. Rad1 Bd6 14. Ne2 Rb8
15. b3 Bxf4 16. Nxf4 Qa5 17. Rfe1 Bd7 18. Rxe8+ Rxe8 19. a4 Qb4 20. Kh2 h6 21.
c4 d4 22. Bc2 Qd6 23. Kg1 a5 24. Nd3 c5 25. Re1 Rxe1+ 26. Nxe1 Bc6 27. Qf5 Qe6
28. Kf1 Qxf5 29. Bxf5 Ne4 1/2-1/2

[Event "DEM U16 2015"]
[Site "Willingen GER"]
[Date "2015.05.24"]
[Round "1"]
[White "Philipp, Mathias"]
[Black "Urban, Konstantin"]
[Result "0-1"]
[Termination "normal"]
[Board "14"]
[WhiteElo "1775"]
[BlackElo "2206"]
[PlyCount "38"]
[WhiteFideId "12958883"]
[BlackFideId "12927511"]
[EventCountry "GER"]
[EventRounds "9"]
[EventType "swiss"]
[EventDate "2015.05.23"]

1. e4 c5 2. Nc3 Nc6 3. Nf3 Nf6 4. e5 Ng4 5. Qe2 d6 6. exd6 e6 7. Nb5 Bxd6 8.
Nxd6+ Qxd6 9. b3 O-O 10. Bb2 e5 11. h3 Nf6 12. O-O-O Re8 13. d3 b5 14. g4 Bb7
15. Bg2 Nd5 16. Ng5 Nf4 17. Qe4 Qh6 18. h4 f6 19. Nh3 Na5 0-1

[Event "DEM U16 2015"]
[Site "Willingen GER"]
[Date "2015.05.24"]
[Round "1"]
[White "Herbrig, Alexander"]
[Black "Haase, Dominik"]
[Result "1-0"]
[Termination "normal"]
[Board "15"]
[WhiteElo "2025"]
[BlackElo "1487"]
[PlyCount "79"]
[WhiteFideId "12952044"]
[BlackFideId "16208781"]
[EventCountry "GER"]
[EventRounds "9"]
[EventType "swiss"]
[EventDate "2015.05.23"]

1. e4 e5 2. Nf3 Nc6 3. Bb5 a6 4. Ba4 Nf6 5. O-O b5 6. Bb3 Be7 7. Re1 d6 8. c3
O-O 9. h3 Nb8 10. d4 Nbd7 11. Nbd2 Bb7 12. Bc2 Re8 13. Nf1 Bf8 14. Ng3 g6 15.
b3 Bg7 16. Bb2 Rc8 17. Bd3 Nb6 18. a4 bxa4 19. bxa4 a5 20. dxe5 dxe5 21. c4
Nfd7 22. Ba3 Bc6 23. Qc1 Nxa4 24. Rd1 Rb8 25. Qc2 Rb7 26. Be2 Qb8 27. c5 Qa7
28. Rxd7 Bxd7 29. c6 Nb6 30. cxb7 Qxb7 31. Rc1 Rc8 32. Nd2 Ba4 33. Qc3 Qa8 34.
Nc4 Nxc4 35. Bxc4 Bh6 36. Rb1 c6 37. Qxe5 Bc2 38. Bb2 Kf8 39. Qh8+ Ke7 40. Qf6+
1-0

[Event "DEM U16 2015"]
[Site "Willingen GER"]
[Date "2015.05.24"]
[Round "2"]
[White "Kololli, Kevin"]
[Black "Vogel, Roven"]
[Result "1/2-1/2"]
[Termination "normal"]
[Board "1"]
[WhiteElo "2138"]
[BlackElo "2429"]
[WhiteClock "00:36:50"]
[BlackClock "00:19:49"]
[PlyCount "79"]
[WhiteFideId "12936863"]
[BlackFideId "12908088"]
[EventCountry "GER"]
[EventRounds "9"]
[EventType "swiss"]
[EventDate "2015.05.23"]

1. e4 d6 2. d4 Nf6 3. Nc3 g6 4. f4 Bg7 5. Nf3 O-O 6. Bd3 Nc6 7. e5 dxe5 8. fxe5
Nh5 9. Ne2 Bg4 10. c3 Kh8 11. O-O f6 12. exf6 exf6 13. Nf4 Qd6 14. Nxh5 Bxh5
15. Qe1 Ne5 16. Be4 Nxf3+ 17. gxf3 f5 18. Bc2 Rae8 19. Qf2 Qa6 20. Qg3 c6 21.
Bb3 Re2 22. Bd1 f4 23. Bxe2 Qxe2 24. Bxf4 Qxb2 25. Be5 Qxc3 26. Bxg7+ Kxg7 27.
Qe5+ Kh6 28. Rac1 Qd2 29. Rcd1 Qxa2 30. Qe3+ g5 31. Ra1 Qd5 32. Rxa7 Bxf3 33.
Rxb7 Qf5 34. Qxf3 Qxf3 35. Rxf3 Rxf3 36. Rb6 Kh5 37. Rxc6 Rd3 38. Rd6 Kg4 39.
Rh6 Rxd4 40. Rxh7 1/2-1/2

[Event "DEM U16 2015"]
[Site "Willingen GER"]
[Date "2015.05.24"]
[Round "2"]
[White "Schröder, Kevin"]
[Black "Herbrig, Alexander"]
[Result "1-0"]
[Termination "normal"]
[Board "2"]
[WhiteElo "2244"]
[BlackElo "2025"]
[WhiteClock "00:47:12"]
[BlackClock "00:08:49"]
[PlyCount "95"]
[WhiteFideId "12929840"]
[BlackFideId "12952044"]
[EventCountry "GER"]
[EventRounds "9"]
[EventType "swiss"]
[EventDate "2015.05.23"]

1. d4 Nf6 2. c4 e6 3. Nc3 Bb4 4. e3 O-O 5. Bd3 d5 6. cxd5 exd5 7. Nge2 c6 8.
O-O Re8 9. f3 Bf8 10. g4 c5 11. Nf4 Bd6 12. dxc5 Bxc5 13. Nfxd5 Nxd5 14. Nxd5
Be6 15. Nf4 Qb6 16. Re1 Nc6 17. Nxe6 Rxe6 18. Be4 Rd8 19. Qc2 g6 20. Kh1 Bb4
21. Rd1 Rxd1+ 22. Qxd1 Rd6 23. Qe2 Qd8 24. a3 Rd1+ 25. Kg2 Re1 26. Qc2 Ba5 27.
b4 Bb6 28. Bb2 Rxe3 29. Rd1 Qh4 30. b5 Bc7 31. Kh1 Ne5 32. Qxc7 Re1+ 33. Rxe1
Qxe1+ 34. Kg2 Qe2+ 35. Kg3 Qe1+ 36. Kf4 Qd2+ 37. Kxe5 Qxh2+ 38. f4 Qxb2+ 39.
Kd6 Qd4+ 40. Bd5 Qxf4+ 41. Kd7 Qxg4+ 42. Ke8 Qe2+ 43. Kd8 Qf2 44. Qxb7 Qf4 45.
Kc8 Kg7 46. Qxa7 Qf5+ 47. Qd7 Qc2+ 48. Kb7 1-0

[Event "DEM U16 2015"]
[Site "Willingen GER"]
[Date "2015.05.24"]
[Round "2"]
[White "Urban, Konstantin"]
[Black "Keymer, Vincent"]
[Result "1-0"]
[Termination "normal"]
[Board "3"]
[WhiteElo "2206"]
[BlackElo "2338"]
[WhiteClock "00:20:02"]
[BlackClock "00:45:16"]
[PlyCount "131"]
[WhiteFideId "12927511"]
[BlackFideId "12940690"]
[EventCountry "GER"]
[EventRounds "9"]
[EventType "swiss"]
[EventDate "2015.05.23"]

1. e4 c5 2. Nf3 d6 3. d4 cxd4 4. Nxd4 Nf6 5. Nc3 a6 6. Bg5 Nbd7 7. f4 Qc7 8.
Qf3 h6 9. Bxf6 Nxf6 10. f5 Qc5 11. O-O-O g5 12. g3 Bg7 13. Bg2 Qe5 14. Qe2 O-O
15. Rhe1 e6 16. Kb1 Rb8 17. Qd3 Ne8 18. Rf1 Bf6 19. fxe6 fxe6 20. Nf3 Qc5 21.
e5 Bxe5 22. Ne4 Qb5 23. Nxe5 Qxe5 24. Nxd6 Nxd6 25. Qg6+ Qg7 26. Rxf8+ Kxf8 27.
Qxg7+ Kxg7 28. Rxd6 Kf6 29. Rd8 Ke7 30. Rh8 Kd6 31. Kc1 Kc7 32. Rxh6 Bd7 33.
Rf6 b5 34. Kd2 b4 35. Ke3 Rb5 36. Bf1 Re5+ 37. Kf2 Rc5 38. Bd3 Ra5 39. Bc4 Rc5
40. b3 Kd6 41. h4 gxh4 42. gxh4 Ke5 43. Rf3 Bb5 44. Re3+ Kf4 45. Bxb5 axb5 46.
Rxe6 Rxc2+ 47. Re2 Rc8 48. Ke1 Rc1+ 49. Kd2 Rh1 50. Kd3 Rd1+ 51. Rd2 Rc1 52.
Kd4 Rc8 53. Re2 Kg4 54. Re4+ Kh5 55. Kd5 Ra8 56. Rxb4 Rxa2 57. Kc5 Ra8 58. Kxb5
Rb8+ 59. Kc5 Rc8+ 60. Kb5 Rf8 61. Rd4 Rb8+ 62. Kc4 Rc8+ 63. Kd3 Rc1 64. b4 Rc8
65. b5 Rc1 66. Rb4 1-0

[Event "DEM U16 2015"]
[Site "Willingen GER"]
[Date "2015.05.24"]
[Round "2"]
[White "Ramien, David"]
[Black "Ehmann, Thilo"]
[Result "1/2-1/2"]
[Termination "normal"]
[Board "4"]
[WhiteElo "1965"]
[BlackElo "2234"]
[WhiteClock "00:05:51"]
[BlackClock "00:41:48"]
[PlyCount "89"]
[WhiteFideId "12948241"]
[BlackFideId "12940968"]
[EventCountry "GER"]
[EventRounds "9"]
[EventType "swiss"]
[EventDate "2015.05.23"]

1. e4 e5 2. Nf3 Nc6 3. Bc4 Bc5 4. c3 Nf6 5. d3 a6 6. Nbd2 Ba7 7. Bb3 O-O 8. O-O
d6 9. h3 Nh5 10. Nc4 Nf4 11. Ne3 h6 12. Nd5 Ng6 13. Be3 Nce7 14. Nxe7+ Qxe7 15.
Bxa7 Rxa7 16. Kh2 Nf4 17. Ng1 Kh7 18. d4 Ra8 19. Bc2 g6 20. g3 Ne6 21. f4 exf4
22. gxf4 f5 23. exf5 gxf5 24. Qe2 Qf6 25. Rae1 Re8 26. Qd3 Ng7 27. Rxe8 Nxe8
28. Re1 Ng7 29. Qe3 Be6 30. Nf3 Bd5 31. Qf2 Qf7 32. b3 Re8 33. Nh4 Be4 34. Bxe4
fxe4 35. f5 Qf6 36. Re3 d5 37. Qg3 Qg5 38. Re2 Nh5 39. Qxc7+ Re7 40. Qd6 Nf4
41. Nf3 Qxf5 42. Qxe7+ Kg8 43. Qe8+ Kg7 44. Qe7+ Kg8 45. Qe8+ 1/2-1/2

[Event "DEM U16 2015"]
[Site "Willingen GER"]
[Date "2015.05.24"]
[Round "2"]
[White "Kololli, Martin"]
[Black "Hartge, Gedeon"]
[Result "1-0"]
[Termination "normal"]
[Board "5"]
[WhiteElo "2229"]
[BlackElo "1870"]
[WhiteClock "00:01:22"]
[BlackClock "00:00:49"]
[PlyCount "71"]
[WhiteFideId "12936910"]
[BlackFideId "12932116"]
[EventCountry "GER"]
[EventRounds "9"]
[EventType "swiss"]
[EventDate "2015.05.23"]

1. e4 c5 2. c3 g6 3. d4 cxd4 4. cxd4 d5 5. exd5 Nf6 6. Nc3 Nxd5 7. Nf3 Bg7 8.
Bc4 Nb6 9. Bb3 O-O 10. O-O Nc6 11. Be3 Na5 12. d5 Nxb3 13. Qxb3 Bf5 14. Rfd1
Nc8 15. Qxb7 Nd6 16. Qa6 Bc8 17. Qe2 Nf5 18. Bd4 Nxd4 19. Nxd4 Re8 20. Nc6 Qd7
21. Re1 Bb7 22. Ne5 Qc7 23. Rad1 Rad8 24. h4 Qa5 25. Qc4 Rc8 26. Qf4 Rf8 27. h5
Qc7 28. h6 Bh8 29. Qe3 Qa5 30. Nd7 Rfe8 31. Ne5 Qb4 32. Rd2 Bf6 33. g3 a6 34.
a3 Qd6 35. f4 Rc5 36. Ne4 1-0

[Event "DEM U16 2015"]
[Site "Willingen GER"]
[Date "2015.05.24"]
[Round "2"]
[White "Niermann, Tristan"]
[Black "Uksini, Bardhyl"]
[Result "0-1"]
[Termination "normal"]
[Board "6"]
[WhiteElo "1855"]
[BlackElo "2222"]
[WhiteClock "01:02:29"]
[BlackClock "00:43:35"]
[PlyCount "44"]
[WhiteFideId "12990698"]
[BlackFideId "1628313"]
[EventCountry "GER"]
[EventRounds "9"]
[EventType "swiss"]
[EventDate "2015.05.23"]

1. e4 c5 2. c3 d5 3. exd5 Qxd5 4. d4 e6 5. Nf3 Nf6 6. Be3 cxd4 7. cxd4 Bb4+ 8.
Nc3 Bd7 9. Bd3 Bb5 10. O-O Bxc3 11. Bxb5+ Qxb5 12. bxc3 O-O 13. Qb3 Qa6 14. a4
Nc6 15. Qb5 Na5 16. Nd2 Rac8 17. Rfc1 Nc4 18. Qxa6 bxa6 19. Bg5 Nd5 20. Ne4 h6
21. Be3 f5 22. Nd2 Ndxe3 0-1